| 000 | 00491nam a2200169 4500 | ||
|---|---|---|---|
| 001 | 127775 | ||
| 003 | ES-MaACL | ||
| 005 | 20230906193100.0 | ||
| 007 | t| | ||
| 008 | 070214s1917 ag r ||||1| spa d | ||
| 100 | 1 |
_aRivarola, Mario A. _997544 |
|
| 245 | 1 | 0 |
_aCurso de legislación industrial argentina / _cpor el Dr. Mario A. Rivarola. |
| 260 |
_aBuenos Aires : _b[s. n.], _c1917 ( _fImp. López) |
||
| 300 |
_a1 v. ; _c23 x 16 cm. |
||
| 500 | _aEs el v. I. | ||
| 852 |
_aES-MaACL _jD-552 |
||
| 999 |
_c127775 _d127775 |
||